Reinforced and prestressed concrete. (2nd ed.) (Record no. 80028)

MARC details
000 -LEADER
fixed length control field 00689nam a2200169 a 4500
008 - FIXED-LENGTH DATA ELEMENTS--GENERAL INFORMATION
fixed length control field 120416s1980 ||||||||||||||||| || u
020 ## - INTERNATIONAL STANDARD BOOK NUMBER
International Standard Book Number 0442307519
050 ## - LIBRARY OF CONGRESS CALL NUMBER
Classification number TA 683.2 Kon
100 ## - MAIN ENTRY--PERSONAL NAME
Personal name Kong, F. K
245 10 - TITLE STATEMENT
Title Reinforced and prestressed concrete. (2nd ed.)
250 ## - EDITION STATEMENT
Edition statement 2nd ed.
260 ## - PUBLICATION, DISTRIBUTION, ETC.
Place of publication, distribution, etc. Berkshire
Name of publisher, distributor, etc. Van Nostrand
Date of publication, distribution, etc. 1980
300 ## - PHYSICAL DESCRIPTION
Extent xvi, 412p. : ill.
350 ## -
-- 0.00
995 ## -
-- BINDERY (DAMAGED)
-- 0.00
-- 709238
-- CBU-MAIN LIBRARY (Kitwe)
-- 2
-- 11.50
-- TA 683.2 Kon
-- 1
-- DAMAGED
-- 013879
-- Main Library Open Access Collection
995 ## -
-- BINDERY (DAMAGED)
-- 0.00
-- 708308
-- CBU-MAIN LIBRARY (Kitwe)
-- 1
-- 11.50
-- TA 683.2 Kon
-- 2
-- DAMAGED
-- 708308
-- Main Library Open Access Collection
999 ## -
-- 80028
-- 80028
Holdings
Withdrawn status Lost status Source of classification or shelving scheme Damaged status Not for loan Permanent Location Current Location Shelving location Date acquired Total Checkouts Full call number Barcode Date last seen Copy number Price effective from Koha item type
          CBU-MAIN LIBRARY, KITWE. CBU-MAIN LIBRARY, KITWE.   06/29/2023   TA 683.2 Kon 013879 06/29/2023 1 06/29/2023 MONOGRAPH
          CBU-MAIN LIBRARY, KITWE. CBU-MAIN LIBRARY, KITWE.   06/29/2023   TA 683.2 Kon 708308 06/29/2023 2 06/29/2023 MONOGRAPH